000 00512nam a2200181Ia 4500
001 11390
005 20260306162824.0
008 260306t2006||||xx |||||||||||||| ||spa||
041 _aESP
082 _a985.04
_bL99
100 _aLuqui-Lagleyze, Julio Mario
_eAUT
245 0 _aPor el rey, la fe y la patria:
_bel ejército realista del Perú en la independencia sudamericana 1810-1825
260 _c2006
300 _a425 páginas :
_c20 cm.
650 _aGEN
654 _aCHU
942 _cLIB
_dJUS
_fJUS
_2ddc
_n
999 _c11390
_d11390